|
|
|
|
| LEADER |
01833nam a2200277 a 4500 |
| 001 |
000024474 |
| 008 |
120214s2011 bg 001 0 ben d |
| 999 |
|
|
|c 11898
|d 11898
|
| 040 |
|
|
|a BD-DhAAL
|c BD-DhAAL
|
| 082 |
0 |
0 |
|a 576.5
|2 22
|
| 100 |
1 |
|
|a ইসলাম,আহমদ শামসুল
|9 44413
|
| 245 |
1 |
0 |
|a বংশগতিবিদ্যার মূলকথা ও জিন প্রকৌশল /
|c আহমদ শামসুল ইসলাম,সহসম্পাদনা মুশতাক ইবনে আয়ুব,সাবরিনা মরিয়ম ইলিয়াস ও সুমাইয়া ফারাহ খান
|
| 260 |
|
|
|a ঢাকা :
|b স্কলারস পাবলিকেশন্স লিঃ,
|c ২০১১
|
| 300 |
|
|
|a ৪৮০ পৃ. ;
|c ২৮ সে.মি.
|
| 504 |
|
|
|a Includes index.
|
| 541 |
1 |
|
|e 00024474
|
| 650 |
|
0 |
|a Genetics.
|9 44414
|
| 650 |
|
0 |
|a Pharmacy.
|9 44415
|
| 700 |
1 |
|
|a মুশতাক ইবনে আয়ুব
|9 44416
|
| 700 |
1 |
|
|a ইলিয়াস,সাবরিনা মরিয়ম
|9 44417
|
| 700 |
1 |
|
|a খান,সুমাইয়া ফারাহ
|9 44418
|
| 852 |
1 |
|
|a Ayesha Abed Library
|j General shelf
|
| 942 |
|
|
|2 ddc
|c BK
|
| 952 |
|
|
|0 0
|1 2
|2 ddc
|4 0
|6 576_500000000000000_ISL
|7 0
|9 19450
|a BRACUL
|b BRACUL
|c GEN
|d 2012-02-14
|e Mullick and Brothers.
|g 550.00
|l 2
|m 19
|o 576.5 ISL
|p 3010024474
|q 2017-04-30
|r 2012-06-03
|s 2012-06-03
|t 1
|w 2012-02-20
|y BK
|
| 952 |
|
|
|0 0
|1 0
|4 0
|6 576_500000000000000_ISL
|7 0
|9 19451
|a BRACUL
|b BRACUL
|c GEN
|d 2012-02-14
|e Mullick and Brothers.
|g 550.00
|l 12
|m 103
|o 576.5 ISL
|p 3010024475
|r 2025-05-14
|s 2025-05-05
|t 2
|w 2012-02-20
|y BK
|
| 952 |
|
|
|0 0
|1 0
|4 0
|6 576_500000000000000_ISL
|7 0
|9 19452
|a BRACUL
|b BRACUL
|c GEN
|d 2012-02-14
|e Mullick and Brothers.
|g 550.00
|l 11
|m 97
|o 576.5 ISL
|p 3010024476
|r 2026-03-08
|s 2025-11-10
|t 3
|w 2012-02-20
|y BK
|